000 00472nmm a2200169Ia 4500
008 251105s9999||||xx |||||||||||||||||und||
020 _a9788499405667
041 _aspa
100 _aFrancés, Miquel (coord.)
245 0 _aLa mirada comprometida
264 _a[Madrid, España] :
_bBiblioteca Nueva,
_c2015
300 _a336 páginas
490 _aOtras Eutopias
650 _aFilm studies
856 _uhttps://public.digitaliapublishing.com/a/45929
942 _cCF
999 _c92733
_d92733